Report of the Steering Group on Foreign Direct Investment (Record no. 490655)

000 -LEADER
fixed length control field 00542cam a22001577a 4500
008 - FIXED-LENGTH DATA ELEMENTS--GENERAL INFORMATION
fixed length control field 180718b2002 xxu||||| |||| 00| 0 eng d
082 ## - DEWEY DECIMAL CLASSIFICATION NUMBER
Classification number T478x54 F761
100 ## - MAIN ENTRY--PERSONAL NAME
Personal name India. Steering Group on Foreign Direct Investment
245 ## - TITLE STATEMENT
Title Report of the Steering Group on Foreign Direct Investment
Statement of responsibility, etc. by Planning Commission
260 ## - PUBLICATION, DISTRIBUTION, ETC.
Place of publication, distribution, etc. New Delhi
Name of publisher, distributor, etc. Planning Commission
Date of publication, distribution, etc. 2002
300 ## - PHYSICAL DESCRIPTION
Extent 120p.
500 ## - GENERAL NOTE
General note Chairman: N.K. Singh
650 ## - SUBJECT ADDED ENTRY--TOPICAL TERM
Topical term or geographic name entry element Investments, Foreign - India
700 ## - ADDED ENTRY--PERSONAL NAME
Personal name Singh, N.K. (Chairman)
700 ## - ADDED ENTRY--PERSONAL NAME
Personal name India. Planning Commission
Holdings
Withdrawn status Lost status Damaged status Not for loan Permanent Location Current Location Date acquired Full call number Barcode Date last seen Price effective from Koha item type
        Indian Institute of Public Administration Indian Institute of Public Administration 2018-08-04 T478x54 F761 GG29210 2018-08-04 2018-08-04 GG
        Indian Institute of Public Administration Indian Institute of Public Administration 2018-08-04 T478x54 F761 GG25420 2018-08-04 2018-08-04 GG

Powered by Koha